000 03176cgm a2200601Ma 4500
001 ocn864462816
003 OCoLC
005 20160603132559.0
008 061031p20052004cau122 vleng d
040 _aCNPAR
_beng
_cCNPAR
_dHVC
_dOCLCO
_dOCLCF
_dKL8
_dOCLCA
_dOCL
_dOCLCO
_dUINTA
020 _a079286686X
020 _a9780792866862
024 1 _a027616925121
028 4 0 _a1008501
_bMGM Home Entertainment
035 _a(OCoLC)864462816
050 1 4 _aPN1997.2.H68
_bH68 2005
082 0 4 _a791.43/72
_222
049 _aUCLB
245 0 0 _aHotel Rwanda
_h[videorecording (DVD)] /
_cUnited Artists presents in association with Lions Gate Entertainment ; a South Africa/United Kingdom/Italy co-production ... [et al.] ; produced by A. Kitman Ho, Terry George ; written by Keir Pearson & Terry George ; directed by Terry George.
260 _aSanta Monica, CA :
_bDistributed by MGM Home Entertainment,
_cp2005.
300 _a1 videodisc (2 hr., 2 min. + extras) :
_bsd., col. ;
_c4 3/4 in.
500 _aOriginally released as a motion picture in 2004.
500 _aSpecial features: "A message for peace: making "Hotel Rwanda" documentary; "Return to Rwanda" documentary; selected scenes commentary by Don Cheadle; audio commentary by director Terry George and the real-life subject of the film, Paul Rusesabagina, with select commentary by musician Wydel Jean.
508 _aDirector of photography, Robert Fraisse.
511 0 _aDon Cheadle, Sohie Okonedo, Joaquin Phoenix, Nick Nolte.
521 _aMPAA rating: PG-13 (disturbing images and brief stong language) ; Canadian Home Video rating: 14A (violence, disturbing content).
538 _aDVD, region 1, NTSC, widescreen (2.35:1) presentation; English 5.1 Dolby Digital surround, French Dolby Digital stereo. surround.
546 _aEnglish, French dialogue ; subtitles in English, French, Spanish; closed-captioned.
520 _aA five-star-hotel manager in Rwanda risks his life when he opens his hotel to more than a thousand Tutsis refugees in order to protect them from death.
600 1 0 _aRusesabagina, Paul,
_d1954-
_vDrama.
650 0 _aHotelkeepers
_zRwanda
_vDrama.
650 0 _aGenocide
_zRwanda
_vDrama.
650 0 _aTutsi (African people)
_xCrimes against
_vDrama.
651 0 _aRwanda
_xHistory
_yCivil War, 1994
_xAtrocities
_vDrama.
650 0 _aFeature films.
600 1 7 _aRusesabagina, Paul,
_d1954-
_2fast
_0(OCoLC)fst01624418
611 2 7 _aCivil War (Rwanda : 1994)
_2fast
_0(OCoLC)fst01352318
650 7 _aAtrocities.
_2fast
_0(OCoLC)fst00820727
650 7 _aFeature films.
_2fast
_0(OCoLC)fst00922105
650 7 _aGenocide.
_2fast
_0(OCoLC)fst00940208
650 7 _aHotelkeepers.
_2fast
_0(OCoLC)fst00961760
650 7 _aTutsi (African people)
_xCrimes against.
_2fast
_0(OCoLC)fst01426861
651 7 _aRwanda.
_2fast
_0(OCoLC)fst01212358
648 7 _a1994
_2fast
655 7 _aDrama.
_2fast
_0(OCoLC)fst01423879
655 7 _aHistory.
_2fast
_0(OCoLC)fst01411628
700 1 _aGeorge, Terry,
_4dir
700 1 _aCheadle, Don,
_4act
700 1 _aOkonedo, Sophie,
_4act
700 1 _aPhoenix, Joaquin,
_4act
700 1 _aNolte, Nick,
_4act
994 _aC0
_bUINTA
999 _c210244
_d210244